000 00999nam a2200301 i 4500
003 DO-SdBNP
005 20250507150135.0
007 ta
008 250507b2013 dr ||||| |||| 00| 0 s
020 _a9789945165494
040 _aDO-SdBNP
_bspa
_cBNPHU
_erda
041 _hspa
082 4 _axxx
_bxxx
_222
100 _aContreras Nuñez, Carlos,
_d1951-
_eautor
_4aut.
_952572
245 1 0 _aConceptos Básicos de gestión económica y financiera /
_cCarlos Contreras Núñez ; prólogo, Edita Rodríguez
250 _aPrimera edición
264 1 _aSanto Domingo :
_bBúho,
_c2013.
300 _a281 páginas ;
_c28 cm.
336 _atexto
_btxt
_2rdacontent
337 _asin mediación
_bn
_2rdamedia
338 _avolumen
_bnc
_2rdacarrier
500 _aIncluye datos biográficos del autor en la contracubierta
504 _aBibliografía : páginas 281
590 _aInventariado, 2025/BT
700 _aRodríguez, Edita,
_eprologuista
_4pr.
_921614
910 _aBtavárez
942 _2ddc
_cLBS1
999 _c58960
_d58960